Statistics for Countries on the Alps

Click here to take the quiz!

General Stats

  • This quiz has been taken 9 times
  • The average score is 18 of 25

Answer Stats

Country% Correct
Austria
100%
France
100%
Germany
100%
Italy
100%
North Macedonia
100%
Switzerland
100%
Albania
89%
Bosnia and Herzegovina
89%
Croatia
89%
Kosovo
89%
Montenegro
89%
Serbia
89%
Slovenia
89%
Liechtenstein
78%
San Marino
78%
Monaco
67%
Denmark
56%
Finland
56%
Norway
56%
Sweden
56%
United States
44%
Japan
33%
New Zealand
33%
Ethiopia
22%
Eritrea
11%

Score Distribution

Percentile by Number Answered

Percent of People with Each Score

Your Score History

You have not taken this quiz